Responses for Show #1378 - Wednesday, September 5, 1990

Contestants

[<< previous game]

Jeanne Boucher, a banker from Georgia, Vermont

Jody Lentz, an electronic upkeep consultant from Orlando, Florida

Dave Jeffery, a political consultant from Fairfax, Virginia (whose 1-day cash winnings total $13,601)

[next game >>]

Jeopardy! Round responses

PRESIDENTIAL TRIVIA
MAGAZINES
MOVIEMAKERS
GARDENING
BASEBALL STADIUMS
"W"ORDS
    $100 6
Abraham Lincoln

Jeanne
    $100 10
True

Jody
    $100 15
Thomas Edison

Jody
    $100 26
bonsai

Dave
    $100 1
Shea Stadium

Dave
    $100 21
whiskers

Jody
    $200 7
(Jody: Who was Teddy Roosevelt?)

Grover Cleveland

DaveJody
    $200 11
Fame

Jody
    $200 17
Robert Redford

Jeanne
    $200 27
asparagus

Jody
    $200 2
Montreal Expos

Dave
    $200 22
whittle

Jody
    $300 8
Johns Hopkins

Triple Stumper
    $300 12
Black Belt

Dave
    $700 18
(Jeanne: What is "The Ox-Bow Incident?")

12 Angry Men

Jeanne
    $300 28
sulfur

Dave
    $300 3
Comiskey Park

Jody
    $300 23
warm-blooded

Jody
    $400 9
Tennessee

Jody
    $400 14
Sassy

Jeanne
    $400 19
All About Eve

Jeanne
    $400 29
(Dave: What is the winter?)

(early) spring

DaveJeanne
    $400 4
Toronto Blue Jays

Jody
    $400 24
(Alex: Minute to go in the round.)

whelp

Jeanne
    $500 13
William Howard Taft

Triple Stumper
    $500 16
World Wrestling Federation

Jody
    $500 20
David Lynch

Jody
    $500 30
Miracle-Gro

Jody
    $500 5
Busch Stadium

Dave
    $500 25
Wanderlust

Jody

Scores at the first commercial break (after clue 15):

Dave Jody Jeanne
$1,300 $1,300 $500

Scores at the end of the Jeopardy! Round:

Dave Jody Jeanne
$1,300 $4,100 $1,200

Double Jeopardy! Round responses

WORLD HISTORY
AUTHORS
FINANCE
ART
THE 50 STATES
FAIRIES & FOLKLORE
    $200 8
the Black Plague

Dave
    $200 20
John Jakes

Dave
    $200 1
collateral

Jody
    $200 7
Central Park

Dave
    $200 13
Kentucky

Dave
    $200 2
angels

Jody
    $400 9
the Netherlands

Dave
    $400 21
Marcel Proust

Dave
    $400 25
vesting

Jeanne
    $400 18
(Robert) Motherwell

Triple Stumper
    $400 14
Colorado

Dave
    $400 3
Puck

Jody
    $2,100 10
Charlemagne

Dave
    $600 22
Robert Penn Warren

Jody
    $600 26
(Jody: What is the Federal Reserve?)

clearing house

Jody
Triple Stumper
    $600 19
X

Dave
    $4,000 15
(Alex: You picked the right one!)

Missouri

Dave
    $600 4
brownies

Triple Stumper
    $800 11
India

Jody
    $800 23
(Alex: A minute to go.)

Egypt

Triple Stumper
    $800 27
(Alex: And now, the last clue...no...we still have 3 clues left!)

price to earnings ratio

Dave
    $800 29
(Jeanne: What is Maxwell?)
---------------------
[end-of-round signal sounds]

Maxfield

Jeanne
Triple Stumper
    $800 16
Pennsylvania

Dave
    $800 5
banshee

Jody
    $1000 12
Alexander Mackenzie

Dave
    $1000 24
Tama Janowitz

Dave
    $1000 28
October

Dave
    $1000 17
Alabama

Jody
    $1000 6
(Jody: What is Poland?)

Germany

Jody
Triple Stumper

Scores at the end of the Double Jeopardy! Round:

Dave Jody Jeanne
$14,600 $6,500 $800
(lock game)

[wagering suggestions for these scores]

Final Jeopardy! Round responses

WORLD GEOGRAPHY
JeanneWhat is Brazil?
$400
JodyWhat is Indonesia?
$4,850
DaveWhat is Brazil?
$1,500
Brazil

Final scores:

Dave Jody Jeanne
$16,100 $1,650 $1,200
2-day champion: $29,701 2nd place: Whirlpool microwave range + Aristokraft work center 3rd place: Carey limousine service

Game dynamics:

Coryat scores:

Dave Jody Jeanne
$9,700 $6,500 $1,500
22 R
(including 2 DDs),
1 W
21 R,
3 W
7 R,
2 W
(including 1 DD)

Combined Coryat: $17,700

[game clues] [game scores] [suggest correction]

Game tape date: 1990-07-30
The J! Archive is created by fans, for fans. Scraping, republication, monetization, and malicious use prohibited; this site may use cookies and collect identifying information. See terms. The Jeopardy! game show and all elements thereof, including but not limited to copyright and trademark thereto, are the property of Jeopardy Productions, Inc. and are protected under law. This website is not affiliated with, sponsored by, or operated by Jeopardy Productions, Inc. Join the discussion at JBoard.tv.